| 000 | 00960nam a22002657a 4500 | ||
|---|---|---|---|
| 001 | 45773 | ||
| 003 | UA-OsUOA | ||
| 005 | 20220125110441.0 | ||
| 007 | ta | ||
| 008 | 20070514b un ||||| |||| 00| 0 ukr d | ||
| 020 | _a966779122Х | ||
| 040 |
_aUA-OsUOA _bukr _cUA-OsUOA _dUA-OsUOA |
||
| 041 | _aukr | ||
| 080 | _a340:342(477) | ||
| 090 |
_a340:342(477) _bА72 |
||
| 245 |
_aАнтологія української юридичної думки _cза ред. Ю. С. Шемшученка |
||
| 260 |
_aК. _bЮридичної думки _c2003 |
||
| 300 | _a600 с. | ||
| 505 |
_gТ.4 _tКонституційне (державне право) |
||
| 650 | 7 |
_a340 Право в цілому. Пропедевтика. Методи та допоміжні правничі науки _2UDC |
|
| 700 | 1 |
_aШемшученко Ю. С. _eред. |
|
| 942 |
_cBK _2udc |
||
| 955 | _a2 | ||
| 999 |
_c331872 _d331872 |
||